Controlling chiggers. (Record no. 12351)

MARC details
000 -LEADER
fixed length control field 00939cam a2200253 4500
001 - CONTROL NUMBER
control field agr68000035
003 - CONTROL NUMBER IDENTIFIER
control field DLC
005 - DATE AND TIME OF LATEST TRANSACTION
control field 20260227111028.0
008 - FIXED-LENGTH DATA ELEMENTS--GENERAL INFORMATION
fixed length control field 700727s1967 dcua 000 0 eng c
010 ## - LIBRARY OF CONGRESS CONTROL NUMBER
LC control number agr68000035
040 ## - CATALOGING SOURCE
Original cataloging agency U.S. Nat'l Agr. Libr.
Transcribing agency DLC
Modifying agency DLC
050 10 - LIBRARY OF CONGRESS CALL NUMBER
Classification number TX7.U6 no. 137
070 0# - NATIONAL AGRICULTURAL LIBRARY CALL NUMBER
Classification number 1 Ag84Hg no. 137
110 1# - MAIN ENTRY--CORPORATE NAME
Corporate name or jurisdiction name as entry element United States.
Subordinate unit Entomology Research Division.
245 10 - TITLE STATEMENT
Title Controlling chiggers.
260 ## - PUBLICATION, DISTRIBUTION, ETC.
Place of publication, distribution, etc. [Washington,
Name of publisher, distributor, etc. U.S. Govt. Print. Off.,
Date of publication, distribution, etc. 1967]
300 ## - PHYSICAL DESCRIPTION
Extent 12 p.
Other physical details illus.
Dimensions 24 cm.
490 1# - SERIES STATEMENT
Series statement United States. Dept. of Agriculture. Home and garden bulletin
Volume/sequential designation no. 137
500 ## - GENERAL NOTE
General note Supersedes its Chiggers; how to fight them, issued as U.S. Dept. of Agriculture. Leaflet no. 403.
650 #0 - SUBJECT ADDED ENTRY--TOPICAL TERM
Topical term or geographic name entry element Chiggers (Mites)
General subdivision Control.
650 #3 - SUBJECT ADDED ENTRY--TOPICAL TERM
Topical term or geographic name entry element Trombiculidae.
710 1# - ADDED ENTRY--CORPORATE NAME
Corporate name or jurisdiction name as entry element United States.
Subordinate unit Agricultural Research Service.
Title of a work Chiggers; how to fight them.
830 #0 - SERIES ADDED ENTRY--UNIFORM TITLE
Uniform title Home and garden bulletin ;
Volume/sequential designation no. 137.

No items available.

Powered by Koha